Graphics programming in turbo Pascal 6.0.

Enregistré dans:
Détails bibliographiques
Auteur principal: Ezzell, Ben (autor)
Format: Livre
Langue:anglais
Sujets:
Tags: Ajouter un tag
Pas de tags, Soyez le premier à ajouter un tag!

MARC

LEADER 00000cam^a2200000uu^4500
001 000488858
005 20250521000000.0
008 050901s1991^^^^^^^^^^^^rd^r^^000^0^eng^d
009 20260310125318.475
022 |a 0201581191 
035 |a FCE 000032044 
035 |a FCE 018889 
037 |a Acervo ITESO - Biblioteca 
041 |a eng 
082 0 4 |a 001.642  |b EZZg 
100 |a Ezzell, Ben  |e (autor) 
245 1 0 |a Graphics programming in turbo Pascal 6.0. 
264 |a Estados Unidos :  |b Addison-Wesley,  |c 1991. 
300 |a 521 p. 
336 |a texto  |b txt  |2 rdacontenido 
337 |a sin mediación  |b n  |2 rdamedio 
338 |a volumen  |b nc  |2 rdasoporte 
649 |a XX 
650 |a Computación 
650 |a Programa de computación 
650 |a Lenguaje de computación 
650 |a Gráficos 
910 |a Fondo Centro de Estudios Educativos 
920 |a Impresos - Libros 
930 |a Fondos Especiales 
905 |a 133 
901 |a ALE018889  |b IT2  |c CEE  |u 20250521 
902 |a https://opac.biblio.iteso.mx/vufind/Record/000488858